000 00430nam a2200181Ia 4500
001 18383
005 20260306171626.0
008 260306s9999||||xx |||||||||||||| ||und||
041 _aESP
082 _a658.4034
_bT814 2012
100 _aTaha, Hamdy A.
_eAUT
245 0 _aInvestigación de operaciones
260 _c2012
300 _a790 pƔginas :
_c23 cm.
650 _aGEN
654 _aCAN
942 _cLIB
_dJUS
_fJUS
_2ddc
_n
999 _c18383
_d18383